Normal view
MARC view
Entry Topical Term
001 - CONTROL NUMBER
- control field: 25746
003 - CONTROL NUMBER IDENTIFIER
- control field: OSt
005 - DATE AND TIME OF LATEST TRANSACTION
- control field: 20210727122741.0
008 - FIXED-LENGTH DATA ELEMENTS
- fixed length control field: 210727|| aca||aabn | a|a d
040 ## - CATALOGING SOURCE
- Original cataloging agency: OSt
- Transcribing agency: OSt
150 ## - HEADING--TOPICAL TERM
- Topical term or geographic name entry element: COVID-19, Public health, President Trump
670 ## - SOURCE DATA FOUND
- Source citation: Work cat.: (OSt): Hatcher, William 25745, A failure of political communication not a failure of bureaucracy: The danger of presidential misinformation during the Covid-19 pandemic
